[Event "Dubrovnik Advent op"]
[Site "Dubrovnik"]
[Date "2024.12.08"]
[Round "7"]
[White "Sesar, Ivan"]
[Black "Vucenovic, Diara"]
[Result "1-0"]
[WhiteElo "2148"]
[BlackElo "1753"]
[PlyCount "49"]
[EventDate "2024.12.05"]
[EventType "swiss"]
[EventRounds "7"]
[EventCountry "CRO"]
[SourceTitle "CB50_2024"]
[SourceDate "2024.11.01"]
[SourceVersion "1"]
[SourceVersionDate "2024.11.01"]
[SourceQuality "2"]

1. d4 d5 2. c4 e6 3. Nf3 Nf6 4. g3 Be7 5. Bg2 0-0 6. 0-0 b6 7. Nc3 Bb7 8. Ne5 Nbd7 9. Qa4 Nxe5 10. dxe5 Nd7 11. cxd5 Nxe5 12. d6 Bxg2 13. dxe7 Qxe7 14. Kxg2 a5 15. Bf4 Ng6 16. Rad1 Rad8 17. Rxd8 Rxd8 18. Rd1 Rxd1 19. Nxd1 Kf8 20. Nc3 e5 21. Bc1 Qc5 22. Qd7 Qe7 23. Qc8+ Qe8 24. Qxc7 Qe6 25. Qd8+ 1-0

[Event "Dubrovnik Advent op"]
[Site "Dubrovnik"]
[Date "2024.12.07"]
[Round "5"]
[White "Turdyev, Anvar"]
[Black "Sesar, Ivan"]
[Result "1-0"]
[WhiteElo "2393"]
[BlackElo "2148"]
[PlyCount "87"]
[EventDate "2024.12.05"]
[EventType "swiss"]
[EventRounds "7"]
[EventCountry "CRO"]
[SourceTitle "CB50_2024"]
[SourceDate "2024.11.01"]
[SourceVersion "1"]
[SourceVersionDate "2024.11.01"]
[SourceQuality "2"]

1. d4 Nf6 2. c4 e6 3. g3 Bb4+ 4. Bd2 a5 5. Bg2 0-0 6. Nf3 d5 7. Qc2 c5 8. cxd5 cxd4 9. Nxd4 Qb6 10. e3 exd5 11. 0-0 Nc6 12. Nxc6 bxc6 13. Rc1 Bxd2 14. Nxd2 Be6 15. Nb3 Rfc8 16. Nc5 Nd7 17. Nxe6 fxe6 18. Bh3 c5 19. e4 d4 20. Qc4 Kf7 21. Qe2 Re8 22. Rc2 Kg8 23. Rac1 Rad8 24. e5 Rf8 25. Qe4 Rfe8 26. Bf1 Qb8 27. f4 Rc8 28. Bd3 g6 29. h4 Re7 30. b3 Qb4 31. Rc4 Qd2 32. Qe2 Qxe2 33. Bxe2 Ra8 34. Kf2 Kf8 35. Bf3 Ra6 36. Bb7 Ra7 37. Bc6 Rc7 38. Bxd7 Rexd7 39. Rxc5 Rxc5 40. Rxc5 d3 41. Ke1 d2+ 42. Kd1 a4 43. bxa4 Rd3 44. a5 1-0

[Event "BIH-chT 20th"]
[Site "Neum"]
[Date "2022.09.15"]
[Round "6.4"]
[White "Sesar, Ivan"]
[Black "Trkulja, Goran"]
[Result "1-0"]
[WhiteElo "2149"]
[BlackElo "2260"]
[PlyCount "91"]
[EventDate "2022.09.10"]
[EventType "team-tourn"]
[EventRounds "9"]
[EventCountry "BIH"]
[SourceTitle "CBM 210 Extra"]
[Source "ChessBase"]
[SourceDate "2022.11.30"]
[SourceVersion "1"]
[SourceVersionDate "2022.11.30"]
[SourceQuality "1"]
[WhiteTeam "Siroki Brijeg"]
[BlackTeam "Sarajevo SK"]
[WhiteTeamCountry "BIH"]
[BlackTeamCountry "BIH"]

1. d4 d5 2. c4 c6 3. cxd5 cxd5 4. Nc3 e6 5. Bf4 Bd6 6. Bxd6 Qxd6 7. e3 a6 8. Bd3 Nf6 9. f4 0-0 10. Nf3 b5 11. 0-0 Bb7 12. Ne5 Nbd7 13. Rc1 Ne4 14. Nxd7 Qxd7 15. Nb1 Rac8 16. Rxc8 Rxc8 17. Nd2 Qc7 18. Nb3 b4 19. Qb1 Qb6 20. Bxe4 dxe4 21. Rc1 Rc7 22. Rc5 Rxc5 23. dxc5 Qb5 24. Qc1 Bd5 25. Nd4 Qb7 26. c6 Qc7 27. Qc5 a5 28. a3 bxa3 29. bxa3 g6 30. g3 Kg7 31. Kg2 h6 32. Qb5 Kf6 33. Qc5 Kg7 34. f5 gxf5 35. Nxf5+ exf5 36. Qxd5 Kf6 37. Kh3 a4 38. Qd4+ Ke6 39. Qxa4 Kd6 40. Qd4+ Kxc6 41. Qc4+ Kd6 42. Qxc7+ Kxc7 43. g4 Kd6 44. gxf5 h5 45. a4 Ke5 46. a5 1-0

[Event "BIH-chT 20th"]
[Site "Neum"]
[Date "2022.09.12"]
[Round "3.2"]
[White "Simeunovic, Zoran"]
[Black "Sesar, Ivan"]
[Result "1/2-1/2"]
[WhiteElo "1739"]
[BlackElo "2149"]
[PlyCount "133"]
[EventDate "2022.09.10"]
[EventType "team-tourn"]
[EventRounds "9"]
[EventCountry "BIH"]
[SourceTitle "CBM 210 Extra"]
[Source "ChessBase"]
[SourceDate "2022.11.30"]
[SourceVersion "1"]
[SourceVersionDate "2022.11.30"]
[SourceQuality "1"]
[WhiteTeam "Brcko Jedinstvo"]
[BlackTeam "Siroki Brijeg"]
[WhiteTeamCountry "BIH"]
[BlackTeamCountry "BIH"]

1. d4 Nf6 2. c4 e6 3. Nc3 Bb4 4. Bd2 0-0 5. e3 b6 6. Nf3 Bb7 7. Be2 c5 8. 0-0 Qe7 9. a3 Bxc3 10. Bxc3 Ne4 11. Qc2 d6 12. Rad1 Nd7 13. b4 Nxc3 14. Qxc3 Rfd8 15. Nd2 e5 16. d5 Rdc8 17. b5 a6 18. a4 axb5 19. axb5 Nf6 20. e4 Ra2 21. Ra1 Rca8 22. Rxa2 Rxa2 23. Ra1 Rxa1+ 24. Qxa1 Bc8 25. Qa8 Qb7 26. Qxb7 Bxb7 27. h4 Bc8 28. g3 Kf8 29. Kg2 g6 30. f4 Nd7 31. Bg4 f5 32. Bh3 Nf6 33. fxe5 dxe5 34. Kf2 Ke7 35. Ke2 Kd6 36. Bg2 h6 37. Kd3 Bd7 38. Ke3 Be8 39. Bh3 Bd7 40. Bg2 Ne8 41. Kf3 Ke7 42. Ke3 Nd6 43. Kd3 Kf6 44. Ke3 Bc8 45. Bf3 Ke7 46. Kd3 Bd7 47. Kc3 g5 48. hxg5 hxg5 49. Kd3 f4 50. gxf4 gxf4 51. Bh5 Bh3 52. Be2 Kf6 53. Bf3 Kg5 54. Ke2 Bd7 55. Kf2 Bg4 56. Kg2 Kh5 57. Kf2 Bxf3 58. Kxf3 Kg5 59. Kg2 Kg4 60. Kf2 Kh5 61. Kf3 Kh4 62. Kg2 Kh5 63. Kh3 Kg5 64. Kg2 Kg4 65. Kf2 Kh5 66. Kg2 Kg6 67. Kh3 1/2-1/2

[Event "BIH-chT 20th"]
[Site "Neum"]
[Date "2022.09.11"]
[Round "2.2"]
[White "Sesar, Ivan"]
[Black "Avdic, Mirza"]
[Result "1-0"]
[WhiteElo "2149"]
[BlackElo "2016"]
[PlyCount "95"]
[EventDate "2022.09.10"]
[EventType "team-tourn"]
[EventRounds "9"]
[EventCountry "BIH"]
[SourceTitle "CBM 210 Extra"]
[Source "ChessBase"]
[SourceDate "2022.11.30"]
[SourceVersion "1"]
[SourceVersionDate "2022.11.30"]
[SourceQuality "1"]
[WhiteTeam "Siroki Brijeg"]
[BlackTeam "Busovaca Hrasno"]
[WhiteTeamCountry "BIH"]
[BlackTeamCountry "BIH"]

1. c4 g6 2. g3 Bg7 3. Bg2 Nf6 4. Nc3 d6 5. Nf3 0-0 6. 0-0 c6 7. d3 Qa5 8. Qd2 Re8 9. Rb1 h6 10. b4 Qh5 11. h4 Ng4 12. Nd1 e5 13. Ne3 Nxe3 14. Qxe3 f5 15. Nh2 f4 16. Qf3 Qxf3 17. Bxf3 g5 18. hxg5 hxg5 19. b5 Bf6 20. Kg2 Kg7 21. Ba3 c5 22. Rh1 Nd7 23. Ng4 Be7 24. Be4 Nf8 25. Nh6 Rb8 26. Nf5+ Bxf5 27. Bxf5 Ng6 28. Bb2 Rh8 29. Rxh8 Rxh8 30. Bc3 Bd8 31. Rb3 Bc7 32. a4 Rb8 33. a5 b6 34. Ra3 Ne7 35. Be4 Ng8 36. axb6 Bxb6 37. Ba5 Nf6 38. Bxb6 axb6 39. Ra7+ Kf8 40. Bg6 Ne8 41. Rf7+ Kg8 42. Rd7 Nf6 43. Rxd6 Kg7 44. Bf5 g4 45. Re6 Ra8 46. Rxe5 fxg3 47. fxg3 Ra1 48. Bxg4 1-0

[Event "BIH-chT 20th"]
[Site "Neum"]
[Date "2022.09.10"]
[Round "1.3"]
[White "Bandic, Adnan"]
[Black "Sesar, Ivan"]
[Result "1-0"]
[WhiteElo "2236"]
[BlackElo "2149"]
[PlyCount "73"]
[EventDate "2022.09.10"]
[EventType "team-tourn"]
[EventRounds "9"]
[EventCountry "BIH"]
[SourceTitle "CBM 210 Extra"]
[Source "ChessBase"]
[SourceDate "2022.11.30"]
[SourceVersion "1"]
[SourceVersionDate "2022.11.30"]
[SourceQuality "1"]
[WhiteTeam "Pazaric Bjelasnica"]
[BlackTeam "Siroki Brijeg"]
[WhiteTeamCountry "BIH"]
[BlackTeamCountry "BIH"]

1. e4 c5 2. Nf3 d6 3. c3 Nf6 4. Bc4 Nc6 5. Qe2 Bg4 6. h3 Bxf3 7. Qxf3 e6 8. 0-0 Be7 9. d3 0-0 10. Bb3 b5 11. Bg5 a5 12. Nd2 a4 13. Bc2 Nd7 14. Bxe7 Qxe7 15. Qg3 a3 16. b3 b4 17. Nc4 e5 18. cxb4 Nd4 19. Bd1 cxb4 20. Kh2 f5 21. f4 fxe4 22. dxe4 Nc5 23. Qe3 Qf6 24. f5 Rad8 25. Rc1 Qh4 26. Nxd6 Rxd6 27. Rxc5 Qe7 28. Be2 Rc6 29. Bc4+ Kh8 30. Rxc6 Nxc6 31. Bd5 Nd4 32. Rc1 h6 33. Rc4 Rb8 34. Qc1 Qd8 35. Qd2 Qh4 36. Qe3 Qd8 37. Qd3 1-0

[Event "BIH-chT 19th"]
[Site "Neum"]
[Date "2021.09.22"]
[Round "7.6"]
[White "Sesar, Ivan"]
[Black "Galic, Zeljko"]
[Result "0-1"]
[WhiteElo "2151"]
[BlackElo "2278"]
[PlyCount "70"]
[EventDate "2021.09.17"]
[EventType "team-tourn"]
[EventRounds "9"]
[EventCountry "BIH"]
[SourceTitle "EXT 2023"]
[Source "ChessBase"]
[SourceDate "2022.10.05"]
[SourceVersion "1"]
[SourceVersionDate "2022.10.05"]
[SourceQuality "1"]
[WhiteTeam "Siroki Brijeg"]
[BlackTeam "Sarajevo Napredak"]
[WhiteTeamCountry "BIH"]
[BlackTeamCountry "BIH"]

1. d4 Nf6 2. c4 c5 3. d5 b5 4. cxb5 a6 5. bxa6 g6 6. Nc3 Bg7 7. e4 d6 8. Nf3 Qa5 9. Bb5+ Nfd7 10. Bd2 Bxa6 11. a4 0-0 12. 0-0 Qc7 13. Qe2 Bxb5 14. axb5 Rxa1 15. Rxa1 Nb6 16. h4 N8d7 17. h5 Re8 18. hxg6 hxg6 19. Ng5 Ne5 20. f4 Nec4 21. f5 Bd4+ 22. Kh1 Kg7 23. g3 Nxd2 24. Qxd2 Nc4 25. Qe2 Ne3 26. Nf3 Rh8+ 27. Nh2 gxf5 28. exf5 Qc8 29. Nd1 Qxf5 30. Nxe3 Qe4+ 31. Qg2 Qxe3 32. b6 Rb8 33. Rf1 Rxb6 34. Ng4 Qg5 35. Qe4 Rxb2 0-1

[Event "BIH-chT 19th"]
[Site "Neum"]
[Date "2021.09.20"]
[Round "4.6"]
[White "Stankovic, Dragan"]
[Black "Sesar, Ivan"]
[Result "1-0"]
[WhiteElo "2205"]
[BlackElo "2151"]
[PlyCount "89"]
[EventDate "2021.09.17"]
[EventType "team-tourn"]
[EventRounds "9"]
[EventCountry "BIH"]
[SourceTitle "EXT 2023"]
[Source "ChessBase"]
[SourceDate "2022.10.05"]
[SourceVersion "1"]
[SourceVersionDate "2022.10.05"]
[SourceQuality "1"]
[WhiteTeam "Bihac"]
[BlackTeam "Siroki Brijeg"]
[WhiteTeamCountry "BIH"]
[BlackTeamCountry "BIH"]

1. e4 c5 2. Nf3 d6 3. d4 cxd4 4. Nxd4 Nf6 5. Nc3 g6 6. Be3 Bg7 7. f3 0-0 8. Qd2 Nc6 9. g4 Be6 10. 0-0-0 Nxd4 11. Bxd4 Qa5 12. a3 Rfc8 13. h4 h5 14. Qg5 Qxg5+ 15. hxg5 Nh7 16. gxh5 Bxd4 17. Rxd4 Nxg5 18. f4 Nh7 19. Rg1 Kf8 20. hxg6 fxg6 21. Rxg6 Bf7 22. Rh6 Kg7 23. Rh1 Rc5 24. Rd3 Rg8 25. Rg3+ Kf8 26. Rxg8+ Bxg8 27. Kd2 Nf6 28. b4 Rc8 29. Bd3 e5 30. Nb5 Ke7 31. fxe5 dxe5 32. Nxa7 Ra8 33. Nb5 Bf7 34. Kc1 Be8 35. Kb2 Bc6 36. Nc3 b6 37. Rg1 Rf8 38. Rg7+ Kd6 39. a4 Nd7 40. Nb5+ Bxb5 41. Bxb5 Nf6 42. Bd3 Rh8 43. Rb7 Kc6 44. Rf7 Rh6 45. Bb5+ 1-0

[Event "BIH-chT 19th"]
[Site "Neum"]
[Date "2021.09.18"]
[Round "2.6"]
[White "Sesar, Ivan"]
[Black "Sitnic, Adnan"]
[Result "1/2-1/2"]
[WhiteElo "2151"]
[BlackElo "2244"]
[PlyCount "151"]
[EventDate "2021.09.17"]
[EventType "team-tourn"]
[EventRounds "9"]
[EventCountry "BIH"]
[SourceTitle "EXT 2023"]
[Source "ChessBase"]
[SourceDate "2022.10.05"]
[SourceVersion "1"]
[SourceVersionDate "2022.10.05"]
[SourceQuality "1"]
[WhiteTeam "Siroki Brijeg"]
[BlackTeam "Sarajevo SK"]
[WhiteTeamCountry "BIH"]
[BlackTeamCountry "BIH"]

1. d4 Nf6 2. c4 e6 3. Nf3 b6 4. a3 c5 5. d5 Ba6 6. Qc2 exd5 7. cxd5 Be7 8. Nc3 0-0 9. Bf4 Nh5 10. Bd2 d6 11. g4 Nf6 12. g5 Nh5 13. a4 Re8 14. Ne4 Nd7 15. Bg2 Bb7 16. Nc3 a6 17. Rd1 Bf8 18. Bc1 g6 19. Bh3 b5 20. axb5 axb5 21. Nxb5 Ne5 22. Nxe5 Rxe5 23. Nc3 Qa5 24. Bg2 Qb4 25. Kf1 Nf4 26. e4 Ba6+ 27. Kg1 Nxg2 28. Kxg2 Rae8 29. Rhe1 Bc8 30. Bf4 Bg7 31. Bxe5 Bxe5 32. Qa4 Rf8 33. Qc2 Qb7 34. Qd2 Qd7 35. Re3 Bf4 36. Qe2 f6 37. gxf6 Rxf6 38. h3 Bxe3 39. Qxe3 Qf7 40. Qg3 Qb7 41. Rd2 Qe7 42. Re2 Ba6 43. e5 Rf5 44. Re4 dxe5 45. h4 c4 46. f4 Qb4 47. Rxe5 Qxb2+ 48. Re2 Qc1 49. Re4 Bb7 50. Rd4 Kg7 51. Ne2 Qb2 52. Qe3 Rxd5 53. Rxd5 Bxd5+ 54. Kf2 Qf6 55. Kg3 Kf7 56. Nc3 Qe6 57. Qa7+ Kg8 58. Qd4 Qe1+ 59. Kg4 Qe6+ 60. Kg3 Bc6 61. Kf2 Kf7 62. Qh8 Qf6 63. Qxh7+ Ke6 64. Qg8+ Kf5 65. Qxc4 Qxh4+ 66. Ke2 Qg4+ 67. Ke1 Qg3+ 68. Kd1 Qf3+ 69. Ne2 Qd5+ 70. Qxd5+ Bxd5 71. Ke1 Bf3 72. Nd4+ Kxf4 73. Kf2 Bg4 74. Nc2 g5 75. Ne3 Bf3 76. Nf1 1/2-1/2

[Event "BIH-chT 19th"]
[Site "Neum"]
[Date "2021.09.17"]
[Round "1.6"]
[White "Sadikovic, Jasmin"]
[Black "Sesar, Ivan"]
[Result "1-0"]
[WhiteElo "2120"]
[BlackElo "2151"]
[PlyCount "106"]
[EventDate "2021.09.17"]
[EventType "team-tourn"]
[EventRounds "9"]
[EventCountry "BIH"]
[SourceTitle "EXT 2023"]
[Source "ChessBase"]
[SourceDate "2022.10.05"]
[SourceVersion "1"]
[SourceVersionDate "2022.10.05"]
[SourceQuality "1"]
[WhiteTeam "Gorazde"]
[BlackTeam "Siroki Brijeg"]
[WhiteTeamCountry "BIH"]
[BlackTeamCountry "BIH"]

1. e4 c5 2. Nf3 d6 3. Bb5+ Bd7 4. Bxd7+ Qxd7 5. 0-0 Nc6 6. Re1 Nf6 7. c3 e6 8. d4 d5 9. e5 Ne4 10. Nbd2 Nxd2 11. Bxd2 Be7 12. Qe2 0-0 13. Rad1 c4 14. Bg5 b5 15. Qe3 Rfb8 16. h3 b4 17. Nh2 bxc3 18. bxc3 Rb2 19. Ng4 Qd8 20. Bxe7 Nxe7 21. Rd2 Nf5 22. Qe2 Rxd2 23. Qxd2 Rb8 24. Qc1 Qa5 25. Re2 Rb6 26. Kh2 h6 27. Ne3 Nh4 28. Kg3 Ng6 29. Kf3 Rb7 30. g3 Nf8 31. Nd1 Rb5 32. Rb2 a6 33. Rxb5 axb5 34. Qb2 Qa4 35. Ne3 Ng6 36. Nc2 Ne7 37. Na3 Qd1+ 38. Kg2 h5 39. Qxb5 Ng6 40. Qb2 Kh7 41. Qb1 Qa4 42. Nb5 h4 43. Nd6 hxg3 44. Kxg3 Qa3 45. Nb5 Qe7 46. Kh2 Qh4 47. Qg1 Qe4 48. Nd6 Qc2 49. Nxf7 Qxc3 50. Ng5+ Kg8 51. Nxe6 Qd3 52. Qg4 c3 53. Ng5 c2 1-0

[Event "BIH-chT 18th"]
[Site "Tuzla"]
[Date "2019.06.14"]
[Round "7.5"]
[White "Sesar, Ivan"]
[Black "Pandurevic, Miro"]
[Result "1-0"]
[WhiteElo "2149"]
[BlackElo "2221"]
[PlyCount "179"]
[EventDate "2019.06.08"]
[EventType "team-tourn"]
[EventRounds "9"]
[EventCountry "BIH"]
[SourceTitle "CBM 190 Extra"]
[Source "ChessBase"]
[SourceDate "2019.07.15"]
[SourceVersion "1"]
[SourceVersionDate "2019.07.15"]
[SourceQuality "1"]
[WhiteTeam "Siroki Brijeg"]
[BlackTeam "Samac"]
[WhiteTeamCountry "BIH"]
[BlackTeamCountry "BIH"]

1. c4 Nf6 2. g3 g6 3. Bg2 Bg7 4. Nc3 0-0 5. Nf3 d6 6. 0-0 Nc6 7. Rb1 e5 8. d3 Bf5 9. e4 Bg4 10. h3 Be6 11. Ng5 Bc8 12. Nf3 Be6 13. Ne1 Nd7 14. f4 f5 15. Nf3 exf4 16. gxf4 Kh8 17. Be3 fxe4 18. Nxe4 d5 19. Nfg5 Bg8 20. cxd5 Bxd5 21. Nxh7 Rf5 22. Nhg5 Bxa2 23. Qe1 Nf8 24. Qh4+ Kg8 25. Rbe1 Qxd3 26. Ng3 Re8 27. Bf2 Qd7 28. Rxe8 Qxe8 29. Nxf5 gxf5 30. Kh2 Nd4 31. Ra1 Bc4 32. Rxa7 Nde6 33. Rxb7 Nxf4 34. Bg3 Bd5 35. Qxf4 Qe2 36. Qf2 Qxf2 37. Bxf2 Bxb7 38. Bxb7 Be5+ 39. Kg2 Bxb2 40. Bd5+ Kg7 41. Ne6+ Nxe6 42. Bxe6 Kf6 43. Bb3 Be5 44. Bc5 Bd6 45. Bd4+ Be5 46. Be3 Bd6 47. h4 Kg6 48. Bd1 Be7 49. Bf2 c5 50. Be2 Bf6 51. Kf3 Bd4 52. Be1 Be5 53. Ke3 Kh6 54. Kd3 Kg6 55. Kc4 Bd4 56. Bd2 Bf2 57. h5+ Kf6 58. Kd5 Bd4 59. Bf4 Kf7 60. Bd3 Kf6 61. Kd6 Bb2 62. Bb5 Kf7 63. Kxc5 Ke6 64. Bc4+ Kf6 65. Kd5 Bc3 66. Bb5 Bb2 67. Be8 Ke7 68. Bg6 Kf6 69. Kd6 Ba3+ 70. Kd7 Bb4 71. Ke8 Bc5 72. Bf7 Kg7 73. Be5+ Kh6 74. Bf4+ Kg7 75. h6+ Kh7 76. Bh5 Kg8 77. Bf7+ Kh7 78. Bc4 Kg6 79. Bg8 Bd4 80. Bf7+ Kh7 81. Bh5 Kg8 82. Bg6 Bc3 83. Ke7 Bb4+ 84. Kf6 Bc3+ 85. Kxf5 Bb2 86. Kg5 Bc3 87. Be4 Bb2 88. Kg6 Bc3 89. Bd6 Kh8 90. Bd5 1-0

[Event "BIH-chT 18th"]
[Site "Tuzla"]
[Date "2019.06.11"]
[Round "4.3"]
[White "Obad, Andrija"]
[Black "Sesar, Ivan"]
[Result "1/2-1/2"]
[WhiteElo "2290"]
[BlackElo "2149"]
[PlyCount "86"]
[EventDate "2019.06.08"]
[EventType "team-tourn"]
[EventRounds "9"]
[EventCountry "BIH"]
[SourceTitle "CBM 190 Extra"]
[Source "ChessBase"]
[SourceDate "2019.07.15"]
[SourceVersion "1"]
[SourceVersionDate "2019.07.15"]
[SourceQuality "1"]
[WhiteTeam "Gorazde"]
[BlackTeam "Siroki Brijeg"]
[WhiteTeamCountry "BIH"]
[BlackTeamCountry "BIH"]

1. e4 c5 2. Nf3 d6 3. d4 cxd4 4. Nxd4 Nf6 5. Nc3 g6 6. Be3 Bg7 7. f3 0-0 8. Qd2 Nc6 9. g4 Be6 10. 0-0-0 Nxd4 11. Bxd4 Qa5 12. a3 Rfc8 13. Kb1 Rab8 14. h4 b5 15. Nd5 Qxd2 16. Rxd2 Nxd5 17. exd5 Bxd4 18. Rxd4 Bd7 19. Bd3 Rc5 20. b4 Rc7 21. h5 Kg7 22. Re4 e5 23. dxe6 Bxe6 24. hxg6 hxg6 25. Rd4 a5 26. g5 axb4 27. axb4 Ra7 28. Rxd6 Rba8 29. Kb2 Ra2+ 30. Kc3 Rc8+ 31. Kd2 Bf5 32. Bxf5 gxf5 33. Rc1 Rc4 34. Rd5 Rxb4 35. Rxf5 Rb3 36. f4 Rf3 37. Ke2 Rc3 38. Kd2 Rf3 39. Rxb5 Rxf4 40. Ke3 Raa4 41. Re5 Rg4 42. Kf3 Raf4+ 43. Ke3 Ra4 1/2-1/2

[Event "BIH-chT 18th"]
[Site "Tuzla"]
[Date "2019.06.10"]
[Round "3.3"]
[White "Sesar, Ivan"]
[Black "Pasalic, Harun"]
[Result "0-1"]
[WhiteElo "2149"]
[BlackElo "2304"]
[PlyCount "50"]
[EventDate "2019.06.08"]
[EventType "team-tourn"]
[EventRounds "9"]
[EventCountry "BIH"]
[SourceTitle "CBM 190 Extra"]
[Source "ChessBase"]
[SourceDate "2019.07.15"]
[SourceVersion "1"]
[SourceVersionDate "2019.07.15"]
[SourceQuality "1"]
[WhiteTeam "Siroki Brijeg"]
[BlackTeam "Zenica Napredak"]
[WhiteTeamCountry "BIH"]
[BlackTeamCountry "BIH"]

1. c4 e5 2. g3 c6 3. Nf3 e4 4. Nd4 d5 5. cxd5 Qxd5 6. e3 Nf6 7. Nc3 Qe5 8. Bg2 Bc5 9. f4 Qe7 10. Nb3 Bb6 11. Qc2 Bf5 12. Na4 Na6 13. a3 c5 14. Bf1 Rc8 15. Nxb6 axb6 16. Bb5+ Bd7 17. Nd4 0-0 18. Bxd7 Qxd7 19. Ne2 c4 20. h3 Nc5 21. Nd4 Rfd8 22. Kf2 Qd5 23. Kg2 Nb3 24. Nxb3 cxb3 25. Qd1 Rc2 0-1

[Event "Srpska Republic-chT 1st League"]
[Site "Banja Dvorovi"]
[Date "2018.08.10"]
[Round "7.1"]
[White "Juic, Ranko"]
[Black "Sesar, Ivan"]
[Result "1/2-1/2"]
[WhiteElo "2029"]
[BlackElo "2132"]
[PlyCount "54"]
[EventDate "2018.08.04"]
[EventType "team-tourn"]
[EventRounds "9"]
[EventCountry "BIH"]
[SourceTitle "CBM 186 Extra"]
[Source "ChessBase"]
[SourceDate "2018.08.24"]
[SourceVersion "1"]
[SourceVersionDate "2018.08.24"]
[SourceQuality "1"]
[WhiteTeam "Prijedor Rudar"]
[BlackTeam "Derventa"]
[WhiteTeamCountry "BIH"]
[BlackTeamCountry "BIH"]

1. d4 Nf6 2. c4 e6 3. Nf3 b6 4. a3 Be7 5. Nc3 d5 6. e3 0-0 7. Bd3 dxc4 8. Bxc4 c5 9. 0-0 Bb7 10. dxc5 Qc7 11. h3 Qxc5 12. Qe2 Rc8 13. Bd3 Nbd7 14. e4 Qh5 15. Be3 Nc5 16. Bxc5 Bxc5 17. Ba6 Bxa6 18. Qxa6 Qg6 19. Qa4 a6 20. e5 b5 21. Qh4 Nd7 22. Ne4 Bf8 23. Rac1 Nb6 24. Nd6 Rd8 25. Rc6 Nd5 26. Re1 Rd7 27. Rec1 Be7 1/2-1/2

[Event "Srpska Republic-chT 1st League"]
[Site "Banja Dvorovi"]
[Date "2018.08.09"]
[Round "6.5"]
[White "Sesar, Ivan"]
[Black "Mitrovic, Jovica"]
[Result "1-0"]
[WhiteElo "2132"]
[BlackElo "2122"]
[PlyCount "83"]
[EventDate "2018.08.04"]
[EventType "team-tourn"]
[EventRounds "9"]
[EventCountry "BIH"]
[SourceTitle "CBM 186 Extra"]
[Source "ChessBase"]
[SourceDate "2018.08.24"]
[SourceVersion "1"]
[SourceVersionDate "2018.08.24"]
[SourceQuality "1"]
[WhiteTeam "Derventa"]
[BlackTeam "Dvorovi"]
[WhiteTeamCountry "BIH"]
[BlackTeamCountry "BIH"]

1. e4 e5 2. Nf3 Nc6 3. d4 exd4 4. Nxd4 Nf6 5. Nxc6 bxc6 6. e5 Qe7 7. Qe2 Nd5 8. h4 d6 9. c4 Nb6 10. exd6 Qxe2+ 11. Bxe2 cxd6 12. Bf3 Bb7 13. b3 Be7 14. Bg5 Nd7 15. Nc3 Ne5 16. Be4 h6 17. Bxe7 Kxe7 18. 0-0-0 Kd7 19. f4 Ng6 20. Bxg6 fxg6 21. c5 d5 22. Ne4 Ba6 23. Nd6 Rhf8 24. g3 Rf6 25. Rhe1 Re6 26. Rxe6 Kxe6 27. Re1+ Kd7 28. Nf7 Rb8 29. Ne5+ Kc7 30. Nxg6 Rb5 31. Re7+ Kb8 32. Ne5 Rxc5+ 33. Kd2 Kc8 34. a4 d4 35. Re8+ Kc7 36. Re7+ Kc8 37. Rxg7 Rc3 38. f5 Rxb3 39. f6 d3 40. f7 Rb2+ 41. Ke3 Re2+ 42. Kf3 1-0

[Event "Srpska Republic-chT 1st League"]
[Site "Banja Dvorovi"]
[Date "2018.08.04"]
[Round "1.4"]
[White "Jakovljevic, Vlado"]
[Black "Sesar, Ivan"]
[Result "1-0"]
[WhiteElo "2373"]
[BlackElo "2132"]
[PlyCount "57"]
[EventDate "2018.08.04"]
[EventType "team-tourn"]
[EventRounds "9"]
[EventCountry "BIH"]
[SourceTitle "CBM 186 Extra"]
[Source "ChessBase"]
[SourceDate "2018.08.24"]
[SourceVersion "1"]
[SourceVersionDate "2018.08.24"]
[SourceQuality "1"]
[WhiteTeam "Trebinje Leotar"]
[BlackTeam "Derventa"]
[WhiteTeamCountry "BIH"]
[BlackTeamCountry "BIH"]

1. Nf3 Nf6 2. c4 b6 3. g3 Bb7 4. Bg2 e6 5. 0-0 c5 6. Nc3 Be7 7. d4 cxd4 8. Qxd4 0-0 9. Bf4 Nc6 10. Qd2 Na5 11. b3 d5 12. cxd5 Nxd5 13. Nxd5 Qxd5 14. Rfd1 Rfd8 15. Rac1 Qe4 16. Qb2 Rac8 17. Rxd8+ Rxd8 18. Be5 Bf8 19. Bc3 Qd5 20. Ne1 Qb5 21. Bxa5 bxa5 22. Bxb7 Qxb7 23. Nd3 h5 24. Qe5 Rd5 25. Qe4 Be7 26. h4 Qd7 27. Ne5 Rd1+ 28. Kg2 Rd4 29. Qa8+ 1-0

[Event "Sarajevo Bosna op 48th"]
[Site "Sarajevo"]
[Date "2018.05.08"]
[Round "6"]
[White "Jakupovic, Neven"]
[Black "Sesar, Ivan"]
[Result "1/2-1/2"]
[WhiteElo "2324"]
[BlackElo "2122"]
[PlyCount "63"]
[EventDate "2018.05.05"]
[EventType "swiss"]
[EventRounds "9"]
[EventCountry "BIH"]
[SourceTitle "CBM 184 Extra"]
[Source "ChessBase"]
[SourceDate "2018.06.28"]
[SourceVersion "1"]
[SourceVersionDate "2018.06.28"]
[SourceQuality "1"]

1. d4 Nf6 2. c4 e6 3. Nf3 b6 4. a3 Bb7 5. Nc3 d5 6. cxd5 Nxd5 7. e3 Be7 8. Bd3 0-0 9. 0-0 c5 10. e4 Nxc3 11. bxc3 Nd7 12. Bf4 Qc8 13. h4 Ba6 14. e5 Bxd3 15. Qxd3 Re8 16. h5 h6 17. Nh2 Qc6 18. Ng4 Bf8 19. Rfe1 Rac8 20. Re3 cxd4 21. cxd4 Qc2 22. Qb5 Qf5 23. Rg3 Qxf4 24. Qxd7 Be7 25. Qxa7 Qxd4 26. Rb1 Bg5 27. Qxb6 Qxb6 28. Rxb6 Rc1+ 29. Kh2 Bf4 30. Nf6+ Kf8 31. Nxe8 Kxe8 32. Kh3 1/2-1/2

[Event "Sarajevo Bosna op 48th"]
[Site "Sarajevo"]
[Date "2018.05.07"]
[Round "4"]
[White "Stankovic, Dragan"]
[Black "Sesar, Ivan"]
[Result "1/2-1/2"]
[WhiteElo "1919"]
[BlackElo "2122"]
[PlyCount "47"]
[EventDate "2018.05.05"]
[EventType "swiss"]
[EventRounds "9"]
[EventCountry "BIH"]
[SourceTitle "CBM 184 Extra"]
[Source "ChessBase"]
[SourceDate "2018.06.28"]
[SourceVersion "1"]
[SourceVersionDate "2018.06.28"]
[SourceQuality "1"]

1. e4 c5 2. Nf3 e6 3. d4 cxd4 4. Nxd4 Nf6 5. Nc3 Bb4 6. Bd3 Nc6 7. Nxc6 dxc6 8. 0-0 e5 9. Ne2 h6 10. h3 Bc5 11. Ng3 Qe7 12. Bc4 g6 13. Kh2 h5 14. f3 Bd7 15. Bd2 0-0-0 16. Qc1 Be6 17. Bxe6+ Qxe6 18. b4 Qd6 19. Be3 Bxe3 20. Qxe3 h4 21. Ne2 Qd2 22. Qxa7 Qxe2 23. Qa8+ Kc7 24. Qa5+ 1/2-1/2

[Event "Wch U20 56th"]
[Site "Tarvisio"]
[Date "2017.11.24"]
[Round "10"]
[White "Sesar, Ivan"]
[Black "Song, Yuxin"]
[Result "0-1"]
[WhiteElo "2207"]
[BlackElo "1951"]
[PlyCount "72"]
[EventDate "2017.11.13"]
[EventType "swiss"]
[EventRounds "11"]
[EventCountry "ITA"]
[SourceTitle "CBM 181 Extra"]
[Source "ChessBase"]
[SourceDate "2017.12.12"]
[SourceVersion "1"]
[SourceVersionDate "2017.12.12"]
[SourceQuality "1"]

1. c4 Nf6 2. g3 e6 3. Bg2 d5 4. Nf3 Be7 5. 0-0 0-0 6. d4 Nbd7 7. b3 c6 8. Nbd2 b6 9. Qc2 Bb7 10. Rd1 Rc8 11. e4 c5 12. exd5 exd5 13. Qf5 g6 14. Qb1 Re8 15. Bb2 dxc4 16. dxc5 Bxc5 17. Nxc4 Be4 18. Bxf6 Qxf6 19. Qb2 Qxb2 20. Nxb2 Bxf3 21. Bxf3 Bxf2+ 22. Kf1 Ne5 23. Nc4 Nxf3 24. Kxf2 Nxh2 25. Rd4 h5 26. Rad1 Ng4+ 27. Kg1 Ne3 28. R1d3 Nxc4 29. bxc4 Re1+ 30. Kf2 Rc1 31. Rd7 Rc2+ 32. Ke3 Rxa2 33. Kf4 Rxc4+ 34. Ke5 Re2+ 35. Kf6 Re6+ 36. Kg5 Rg4+ 0-1